Normas generales de dibujo industrial / por Ramón Galí Boniquet
Publicado:
Barcelona :
Escuela del Trabajo de la Diputación Provincial de Barcelona, Servicio de Extensión de Enseñanzas Técnicas, [s.a.]
Descripción Física:
37 p. : il. ; 21 cm
Otros Autores:
Servicio de Extensión de Enseñanzas Técnicas
Materias:
Dibuix industrial
MARC
| LEADER | 00000nam a2200000Ia 4500 | ||
|---|---|---|---|
| 001 | 6191 | ||
| 008 | 160829s9999 xx 000 0 cat d | ||
| 080 | |a FU-5-46 | ||
| 100 | |a Galí Boniquet, Ramon |9 23327 | ||
| 245 | |a Normas generales de dibujo industrial / por Ramón Galí Boniquet | ||
| 260 | |a Barcelona : |b Escuela del Trabajo de la Diputación Provincial de Barcelona, Servicio de Extensión de Enseñanzas Técnicas, [s.a.] | ||
| 300 | |a 37 p. : |b il. ; |c 21 cm | ||
| 650 | |a Dibuix industrial |9 22819 | ||
| 700 | |a Servicio de Extensión de Enseñanzas Técnicas |9 22818 | ||
| 710 | 1 | |a Barcelona (Catalunya : Província). |b Diputació |9 52408 | |
| 710 | 2 | |a Escola del Treball (Barcelona, Catalunya) |9 54586 | |
| 901 | |a Arxiu | ||
| 942 | |n 1 | ||
| 952 | |0 0 |1 0 |4 0 |6 FU546 |7 1 |9 42665 |a Arxiu |b Arxiu |d 2016-12-01 |l 0 |o FU-5-46 |p 6191 |r 2016-12-01 00:00:00 |w 2016-12-01 |y ARXIU | ||
| 999 | |c 45171 |d 45171 | ||